Planning projects : 20 steps to effdective project planing

Bibliographic Details
Main Author: Young, Trevor L
Format: Book
Published: Petaling Jaya : Pelanduk Publcations(M) Sdn Bhd , 1993
Subjects:

MARC

LEADER 00000cam a2200000 7i4500
001 0000008428
002 000009186
005 20000330.0
020 |a 9679784797 
090 0 0 |a 658.4012   |b YOU 
100 1 |a Young, Trevor L 
245 1 0 |a Planning projects :   |b 20 steps to effdective project planing   |c Trevor L. Young 
260 |a Petaling Jaya :   |b Pelanduk Publcations(M) Sdn Bhd ,   |c 1993 
300 |a 148p. ;   |c 22cm. 
650 0 0 |a Corporate planning 
650 0 0 |a Planning 
999 |a 042605   |b BUKU   |c PINJAMAN   |e PERPUSTAKAAN KOMUNITI PETALING JAYA